000 00609nam a2200205 a 4500
005 20140310183344.0
008 070129s19uu xx 00 eng d
020 _a0534531466
050 _aPN 4784.O62
_b.C73 2005
100 _aCraig, Richard
245 _aOnline Journalism :
_breporting, writing and editing for New Media /
260 _aAustralia :
_bThomson Wadsworth,
_c2005.
300 _a284 p. :
_bill. ;
_c24 cm.
521 _aMC
650 _aOnline journalism.
650 _aJournalism
_xTechnological innovations.
650 _aWeb sites
_xDesign.
942 _cBK
_2lcc
_kFOR
999 _c21896
_d21896